|
|
|
|
| LEADER |
01898nam a22005172i 4500 |
| 001 |
001518664 |
| 003 |
CZ BrMZK |
| 005 |
20160401064636.0 |
| 007 |
ta |
| 008 |
160324s1969 gw fr|||||||||||ger d |
| 040 |
|
|
|a BOA001
|b cze
|e rda
|
| 041 |
0 |
|
|a ger
|
| 072 |
|
7 |
|a 27
|x Křesťanství. Křesťanská církev všeobecně. Eklesiologie
|2 Konspekt
|9 5
|
| 080 |
|
|
|a 274/278-72
|2 MRF
|
| 080 |
|
|
|a 27-72-144
|2 MRF
|
| 080 |
|
|
|a 27-72
|2 MRF
|
| 080 |
|
|
|a 316
|2 MRF
|
| 080 |
|
|
|a 27-7-028.79
|2 MRF
|
| 080 |
|
|
|a 274/278-1/-9
|2 MRF
|
| 080 |
|
|
|a 274/278-774
|2 MRF
|
| 080 |
|
|
|a 274/279-528-1
|2 MRF
|
| 080 |
|
|
|a (082)
|2 MRF
|
| 245 |
0 |
0 |
|a Gottesdienst im Gespräch :
|b Protokoll eines Prozesses : die Seligpreisungen, Texte der Bergpredigt und andere als Gottesdienstreihen der Gemeinde /
|c herausgegeben von Gerhard Wacker und Paul-Gerhard Seiz ; Vorwort von Werner Jetter
|
| 264 |
|
1 |
|a Stuttgart :
|b Calwer,
|c 1969
|
| 300 |
|
|
|a 200 stran
|
| 336 |
|
|
|a text
|b txt
|2 rdacontent
|
| 337 |
|
|
|a bez média
|b n
|2 rdamedia
|
| 338 |
|
|
|a svazek
|b nc
|2 rdacarrier
|
| 490 |
0 |
|
|a Kirchenreform ;
|v 3
|
| 650 |
0 |
7 |
|a evangelická eklesiologie
|7 ph120038
|2 czenas
|
| 650 |
0 |
7 |
|a comunio
|7 ph285151
|2 czenas
|
| 650 |
0 |
7 |
|a církev
|7 ph114280
|2 czenas
|
| 650 |
0 |
7 |
|a církev
|7 ph114280
|x sociologické aspekty
|2 czenas
|
| 650 |
0 |
7 |
|a reforma církve
|7 ph281880
|2 czenas
|
| 650 |
0 |
7 |
|a protestantské učení
|7 ph307587
|2 czenas
|
| 650 |
0 |
7 |
|a evangelické sbory
|7 ph120044
|2 czenas
|
| 650 |
0 |
7 |
|a evangelická liturgika
|7 ph640728
|2 czenas
|
| 655 |
|
7 |
|a sborníky
|7 fd163935
|2 czenas
|
| 700 |
1 |
|
|a Wacker, Gerhard
|4 edt
|
| 700 |
1 |
|
|a Seiz, Paul-Gerhard
|4 edt
|
| 700 |
1 |
|
|a Jetter, Werner,
|d 1913-2004
|7 skuk0003242
|4 wfw
|
| 830 |
|
0 |
|a Kirchenreform
|
| 910 |
|
|
|a BOA001
|b M2-1362.671
|
| 990 |
|
|
|a BK
|
| 991 |
|
|
|b 201604
|c NOV
|
| 996 |
7 |
|
|b 2610665337
|c M2-1362.671
|l MZK
|r Sklad / do 24 hodin
|n 0
|p dar
|w 001553959
|u 000010
|a 1
|e BOA001
|j MZK50
|s A
|